000 00350nam a2200121Ia 4500
005 20260328104337.0
008 260328s9999||||xx |||||||||||||| ||und||
100 _aBenesova, Marie
245 0 _aL´Union des Architectes de la République Tchéccoslovaque /
_cMarie Benesova
260 _bDeset Století Ceské
650 _aCHECOSLOVAQUE
942 _cBK
999 _c11942
_d11942